Glaciers - ocean - atmosphere interactions : proceedings of the International Symposium held at St. Petersburg, 24-29 September 1990
Αποθηκεύτηκε σε:
| Συλλογικό Έργο: | , |
|---|---|
| Άλλοι συγγραφείς: | , , |
| Μορφή: | Βιβλίο |
| Γλώσσα: | English |
| Δημοσίευση: |
Wallingford, Oxfordshire, UK :
International Association of Hydrological Sciences,
1991.
|
| Σειρά: | IAHS publication ;
208 |
| Θέματα: | |
| Ετικέτες: |
Προσθήκη ετικέτας
Δεν υπάρχουν, Καταχωρήστε ετικέτα πρώτοι!
|
MARC
| LEADER | 00000cam a2200000 i 4500 | ||
|---|---|---|---|
| 001 | 1/973 | ||
| 008 | 000417s1991 enk| ||| |||| ||eng|| | ||
| 020 | |a 0947571337 | ||
| 035 | |l 10059849 | ||
| 040 | |a GR-MyUa |b gre |e AACR2 | ||
| 041 | 0 | |a eng | |
| 082 | 7 | |a 551.5246 |2 (22) | |
| 245 | 0 | 0 | |a Glaciers - ocean - atmosphere interactions : |b proceedings of the International Symposium held at St. Petersburg, 24-29 September 1990 / |c edited by V.M. Kotlyakov, A. Ushakov, & A. Glazovsky. |
| 260 | |a Wallingford, Oxfordshire, UK : |b International Association of Hydrological Sciences, |c 1991. | ||
| 300 | |a x, 549 σ. : |b εικ. ; |c 25 εκ. | ||
| 490 | 1 | |a (IAHS publication ; |v 208) | |
| 500 | |a "Organized by the Institute of Geography (USSR Academy of Sciences) and the Arctic and Antarctic Research Institute (Hydrometeorological Survey of the USSR), and sponsored by the International Commission on Snow and Ice of the International Association of Hydrological Sciences (IAHS)." | ||
| 504 | |a Περιλαμβάνει βιβλιογραφικές παραπομπές. | ||
| 650 | 0 | 0 | |a Ocean-atmosphere interaction |x Congresses. |
| 650 | 0 | 0 | |a Glaciology |x Congresses. |
| 650 | 0 | 0 | |a Ice sheets |x Congresses. |
| 700 | 1 | |a Kotliakov, V. M. |q (Vladimir Mikhailovich) |e edt | |
| 700 | 1 | |a Ushakov, A. |e edt | |
| 700 | 1 | |a Glazovskii, A. F. |e edt | |
| 710 | 2 | |a International Association of Hydrological Sciences. | |
| 710 | 2 | |a International Commission of Snow and Ice. | |
| 830 | 0 | |a IAHS publication ; |v 208 | |
| 852 | |a INST |b LESVOS |e 20000417 |h 551.5246 INT |p 005100024253 |q 005100024253 |t BK |y 0 | ||
| 922 | |a 1ΕΛΗ |b 200003 |c ΚΠΣ/ΤΓ |d LEADER | ||
| 970 | |z 2000/08/ELIDOC | ||